Festschrift für Horst Schüler-Springorum zum 65. Geburtstag
| Contributors: | ; |
|---|---|
| Format: | Print Book |
| Language: | German |
| Published: |
Köln Berlin Bonn München
Heymann
1993
|
| In: | Year: 1993 |
| Online Access: |
Table of Contents Table of Contents |
| Availability in Tübingen: | Present in Tübingen. UB: 34 A 2977 |
| Check availability: | HBZ Gateway |
| Subito Delivery Service: | Order now. |
| Volumes / Articles: | Show volumes/articles. |
| Keywords: |
MARC
| LEADER | 00000cam a2200000 c 4500 | ||
|---|---|---|---|
| 001 | 277374987 | ||
| 003 | DE-627 | ||
| 005 | 20260322115041.0 | ||
| 007 | tu | ||
| 008 | 931014s1993 gw ||||| b 00| ||ger c | ||
| 015 | |a 93,N37,0262 |2 dnb | ||
| 015 | |a 93,N37,0262 |2 dnb | ||
| 016 | 7 | |a 931404452 |2 DE-101 | |
| 020 | |a 3452226166 |9 3-452-22616-6 | ||
| 035 | |a (DE-627)277374987 | ||
| 035 | |a (DE-603)026149222 | ||
| 035 | |a (DE-576)035562609 | ||
| 035 | |a (DE-599)GBV277374987 | ||
| 035 | |a (OCoLC)231565625 | ||
| 035 | |a (OCoLC)32205064 | ||
| 040 | |a DE-627 |b ger |c DE-627 |e rakwb | ||
| 041 | |a ger | ||
| 044 | |c XA-DE | ||
| 050 | 0 | |a KK9430.Z95 | |
| 084 | |a 19 |2 sdnb | ||
| 084 | |a PC 4630 |2 rvk |0 (DE-625)rvk/135081: | ||
| 084 | |a 71.65 |2 bkl | ||
| 084 | |a 86.33 |2 bkl | ||
| 084 | |a 86.39 |2 bkl | ||
| 084 | |a 86.41 |2 bkl | ||
| 245 | 0 | 0 | |a Festschrift für Horst Schüler-Springorum zum 65. Geburtstag |c hrsg. von Peter-Alexis Albrecht ... |
| 264 | 1 | |a Köln |a Berlin |a Bonn |a München |b Heymann |c 1993 | |
| 300 | |a XIII, 688 S. |b Ill., graph. Darst. | ||
| 336 | |a Text |b txt |2 rdacontent | ||
| 337 | |a ohne Hilfsmittel zu benutzen |b n |2 rdamedia | ||
| 338 | |a Band |b nc |2 rdacarrier | ||
| 500 | |a Bibliogr. H. Schüler-Springorum S. 673 - 685 | ||
| 600 | 1 | 7 | |0 (DE-588)119131900 |0 (DE-627)079926541 |0 (DE-576)16298233X |a Schüler-Springorum, Horst |d 1928-2015 |2 gnd |
| 650 | 0 | 7 | |0 (DE-588)4033181-7 |0 (DE-627)106258575 |0 (DE-576)20900052X |a Kriminalpolitik |2 gnd |
| 650 | 0 | 7 | |0 (DE-588)4033197-0 |0 (DE-627)106258532 |0 (DE-576)209000562 |a Kriminologie |2 gnd |
| 650 | 0 | 7 | |0 (DE-588)4057795-8 |0 (DE-627)106149458 |0 (DE-576)209123737 |a Strafrecht |2 gnd |
| 650 | 0 | 7 | |0 (DE-588)4057808-2 |0 (DE-627)106149415 |0 (DE-576)20912377X |a Strafvollzug |2 gnd |
| 653 | 0 | |a Criminal justice, Administration of |a Germany | |
| 653 | 0 | |a Crime |a Germany | |
| 653 | 0 | |a Criminals |a Germany | |
| 655 | 7 | |a Bibliografie |0 (DE-588)4006432-3 |0 (DE-627)104814519 |0 (DE-576)208865578 |2 gnd-content | |
| 655 | 7 | |a Aufsatzsammlung |0 (DE-588)4143413-4 |0 (DE-627)105605727 |0 (DE-576)209726091 |2 gnd-content | |
| 655 | 7 | |a Festschrift |0 (DE-588)4016928-5 |0 (DE-627)104400986 |0 (DE-576)208917802 |2 gnd-content | |
| 689 | 0 | 0 | |d p |0 (DE-588)119131900 |0 (DE-627)079926541 |0 (DE-576)16298233X |a Schüler-Springorum, Horst |d 1928-2015 |2 gnd |
| 689 | 0 | |5 (DE-627) | |
| 689 | 1 | 0 | |d s |0 (DE-588)4033197-0 |0 (DE-627)106258532 |0 (DE-576)209000562 |a Kriminologie |2 gnd |
| 689 | 1 | |5 (DE-627) | |
| 689 | 2 | 0 | |d s |0 (DE-588)4033181-7 |0 (DE-627)106258575 |0 (DE-576)20900052X |a Kriminalpolitik |2 gnd |
| 689 | 2 | |5 (DE-627) | |
| 689 | 3 | 0 | |d s |0 (DE-588)4057795-8 |0 (DE-627)106149458 |0 (DE-576)209123737 |a Strafrecht |2 gnd |
| 689 | 3 | |5 (DE-627) | |
| 689 | 4 | 0 | |d s |0 (DE-588)4057808-2 |0 (DE-627)106149415 |0 (DE-576)20912377X |a Strafvollzug |2 gnd |
| 689 | 4 | |5 (DE-627) | |
| 700 | 1 | |a Albrecht, Peter-Alexis |d 1946- |e Hrsg. |0 (DE-588)121429059 |0 (DE-627)081300743 |0 (DE-576)160047188 |4 edt | |
| 700 | 1 | |a Schüler-Springorum, Horst |d 1928-2015 |e GefeierteR |0 (DE-588)119131900 |0 (DE-627)079926541 |0 (DE-576)16298233X |4 hnr | |
| 856 | 4 | 2 | |u https://swbplus.bsz-bw.de/bsz035562609inh.htm |m V:DE-576 |v 2007-12-18 |3 Inhaltsverzeichnis |7 1 |
| 856 | 4 | 2 | |u http://scans.hebis.de/HEBCGI/show.pl?02614922_toc.pdf |m V:DE-576 |q application/pdf |3 Inhaltsverzeichnis |7 1 |
| 889 | |w (DE-627)127661409 | ||
| 935 | |i mdedup | ||
| 936 | r | v | |a PC 4630 |b Für Personen |k Rechtswissenschaft |k Allgemeines zum juristischen Studium und zur Rechtswissenschaft |k Festschriften, Sammelwerke |k Für Personen |0 (DE-627)127072195X |0 (DE-625)rvk/135081: |0 (DE-576)20072195X |
| 936 | b | k | |a 71.65 |j Kriminalität als soziales Problem |0 (DE-627)106412248 |
| 936 | b | k | |a 86.33 |j Strafrecht: Allgemeines |0 (DE-627)106422413 |
| 936 | b | k | |a 86.39 |j Jugendstrafrecht |0 (DE-627)181571994 |
| 936 | b | k | |a 86.41 |j Kriminologie |0 (DE-627)181572001 |
| 936 | s | n | |a p100 |2 mzub |
| 951 | |a BO | ||
| ELC | |b 1 | ||
| LOK | |0 000 xxxxxcx a22 zn 4500 | ||
| LOK | |0 001 3204201058 | ||
| LOK | |0 003 DE-627 | ||
| LOK | |0 004 277374987 | ||
| LOK | |0 005 20020413000000 | ||
| LOK | |0 008 940520||||||||||||||||ger||||||| | ||
| LOK | |0 040 |a DE-21 |c DE-627 |d DE-21 | ||
| LOK | |0 852 |a DE-21 | ||
| LOK | |0 852 1 |c 34 A 2977 |9 00 | ||
| LOK | |0 938 |l 33 |8 2 | ||
| LOK | |0 939 |a 20-05-94 |b l01 | ||
| LOK | |0 000 xxxxxcx a22 zn 4500 | ||
| LOK | |0 001 3204201155 | ||
| LOK | |0 003 DE-627 | ||
| LOK | |0 004 277374987 | ||
| LOK | |0 005 20110224144329 | ||
| LOK | |0 008 931229||||||||||||||||ger||||||| | ||
| LOK | |0 040 |a DE-21-24 |c DE-627 |d DE-21-24 | ||
| LOK | |0 541 |e 93/2158 | ||
| LOK | |0 689 |a s |a Schüler-Springorum, Horst | ||
| LOK | |0 852 |a DE-21-24 | ||
| LOK | |0 852 1 |c M,Id,36 |m p |9 00 | ||
| LOK | |0 936ln |a M,Id, | ||
| LOK | |0 938 |k p | ||
| LOK | |0 939 |a 29-12-93 |b l01 | ||
| LOK | |0 000 xxxxxcx a22 zn 4500 | ||
| LOK | |0 001 3204201163 | ||
| LOK | |0 003 DE-627 | ||
| LOK | |0 004 277374987 | ||
| LOK | |0 005 20110224144329 | ||
| LOK | |0 008 931229||||||||||||||||ger||||||| | ||
| LOK | |0 040 |a DE-21-24 |c DE-627 |d DE-21-24 | ||
| LOK | |0 541 |e 94/848: S IV | ||
| LOK | |0 689 |a s |a Schüler-Springorum, Horst | ||
| LOK | |0 852 |a DE-21-24 | ||
| LOK | |0 852 1 |c M,Id,36 |m p |9 00 | ||
| LOK | |0 852 2 |b S IV |9 00 | ||
| LOK | |0 936ln |a M,Id, | ||
| LOK | |0 938 |k p | ||
| LOK | |0 939 |a 29-12-93 |b l02 | ||
| LOK | |0 000 xxxxxcx a22 zn 4500 | ||
| LOK | |0 001 3204201171 | ||
| LOK | |0 003 DE-627 | ||
| LOK | |0 004 277374987 | ||
| LOK | |0 005 20250723104318 | ||
| LOK | |0 008 110224||||||||||||||||ger||||||| | ||
| LOK | |0 040 |a DE-21-110 |c DE-627 |d DE-21-110 | ||
| LOK | |0 689 |a s |a Festschriften | ||
| LOK | |0 852 |z Vermisst | ||
| LOK | |0 852 |a DE-21-110 | ||
| LOK | |0 852 1 |c F I 225:1 |m p |9 00 | ||
| LOK | |0 938 |k p | ||
| LOK | |0 939 |a 24-02-11 |b l01 | ||
| LOK | |0 000 xxxxxcx a22 zn 4500 | ||
| LOK | |0 001 4749073881 | ||
| LOK | |0 003 DE-627 | ||
| LOK | |0 004 277374987 | ||
| LOK | |0 005 20250723104318 | ||
| LOK | |0 008 250723||||||||||||||||ger||||||| | ||
| LOK | |0 040 |a DE-21-110 |c DE-627 |d DE-21-110 | ||
| LOK | |0 852 |z Ersatzexemplar | ||
| LOK | |0 852 |a DE-21-110 | ||
| LOK | |0 852 1 |c F I 225:2 |m p |9 00 | ||
| LOK | |0 938 |a 2507 | ||
| LOK | |0 938 |k p | ||
| LOK | |0 939 |a 23-07-25 |b l01 | ||
| LOK | |0 000 xxxxxcx a22 zn 4500 | ||
| LOK | |0 001 320420216X | ||
| LOK | |0 003 DE-627 | ||
| LOK | |0 004 277374987 | ||
| LOK | |0 005 19940128000000 | ||
| LOK | |0 008 940128||||||||||||||||ger||||||| | ||
| LOK | |0 040 |a DE-Frei85 |c DE-627 |d DE-Frei85 | ||
| LOK | |0 852 |a DE-Frei85 | ||
| LOK | |0 852 1 |m p |9 00 | ||
| LOK | |0 938 |k p | ||
| LOK | |0 939 |a 28-01-94 |b l01 | ||
| ORI | |a WA-MARC-krimdok_ob001.raw | ||
| SIG | |a UB: 34 A 2977 | ||
| SPR | |a 1 |t KRI | ||
